00381nam a2200145Ia 4500008004100000020001500041041000800056082002000064100001900084245003200103250000600135260004400141300001900185650003100204210716s2009 xx 000 0 und d a0199580545 aeng a658.312404 MAND aMankin, David. aHuman resource development. a1 aNew YorkbOxford University Pressc2009 axxvii,503/2013 aHuman Resource Development